The Making Of Pakistan / (Record no. 616215)

000 -LEADER
fixed length control field 00342nam a22001337a 4500
020 ## - INTERNATIONAL STANDARD BOOK NUMBER
Qualifying information PB.
040 ## - CATALOGING SOURCE
Transcribing agency Fiiza Ishaq
082 ## - DEWEY DECIMAL CLASSIFICATION NUMBER
Classification number 954
Author Mark AZI
100 ## - MAIN ENTRY--PERSONAL NAME
Personal name Aziz, k.k.
245 ## - TITLE STATEMENT
Title The Making Of Pakistan /
Statement of responsibility, etc. k.k. Aziz.
260 ## - PUBLICATION, DISTRIBUTION, ETC.
Place of publication, distribution, etc. Lahore;
Name of publisher, distributor, etc. chatto and windus,
Date of publication, distribution, etc. 1967.
300 ## - PHYSICAL DESCRIPTION
Extent 222 P. ;
Dimensions 5.51 x 0.71 x 8.58 inches
942 ## - ADDED ENTRY ELEMENTS (KOHA)
Source of classification or shelving scheme
Koha item type Book
Holdings
Withdrawn status Lost status Source of classification or shelving scheme Damaged status Not for loan Permanent Location Current Location Date acquired Shelving control number Total Checkouts Full call number Barcode Date last seen Price effective from Koha item type
          NUST Baluchistan Campus (NBC) NUST Baluchistan Campus (NBC) 02/16/2026 Pakistan History   954 AZI QD-988 02/16/2026 02/16/2026 Book
© 2023 Central Library, National University of Sciences and Technology. All Rights Reserved.